[Event "Vratsa op (Women)"]
[Site "Vratsa"]
[Date "2013.07.15"]
[Round "1"]
[White "Vasileva, Veronika"]
[Black "Yordanova, Svetla"]
[Result "0-1"]
[WhiteElo "1771"]
[BlackElo "2083"]
[PlyCount "70"]
[EventDate "2013.07.15"]
[EventType "swiss"]
[EventRounds "9"]
[EventCountry "BUL"]
[SourceTitle "CBM 155 Extra"]
[Source "ChessBase"]
[SourceDate "2013.08.26"]
[SourceVersion "1"]
[SourceVersionDate "2013.08.26"]
[SourceQuality "1"]

1. d4 c5 2. d5 Nf6 3. Nf3 b5 4. c4 Bb7 5. e3 d6 6. a4 Qa5+ 7. Bd2 b4 8. Bd3 g6 9. Qc2 Bg7 10. 0-0 0-0 11. e4 Nbd7 12. h3 Ba6 13. Re1 Rfe8 14. Bf4 Nh5 15. Bh2 Bh6 16. e5 Nf4 17. e6 Nf8 18. exf7+ Kxf7 19. Bxf4 Bxf4 20. Qe2 e5 21. Nbd2 Qd8 22. Ne4 Bc8 23. Nfd2 Kg7 24. g3 Bxd2 25. Qxd2 Bxh3 26. Ng5 Bd7 27. f4 h6 28. Ne4 Bf5 29. Qf2 Bxe4 30. Bxe4 Qf6 31. Bc2 exf4 32. gxf4 Qxb2 33. f5 Qf6 34. Qg2 Qd4+ 35. Kh1 Qh4+ 0-1

[Event "BUL-ch sf (Women) 62nd"]
[Site "Plovdiv"]
[Date "2013.02.16"]
[Round "8"]
[White "Vasova, Mariya"]
[Black "Vasileva, Veronika"]
[Result "1-0"]
[WhiteElo "1824"]
[BlackElo "1768"]
[PlyCount "71"]
[EventDate "2013.02.11"]
[EventType "tourn"]
[EventRounds "9"]
[EventCountry "BUL"]
[SourceTitle "CBM 152 Extra"]
[Source "ChessBase"]
[SourceDate "2013.02.25"]
[SourceVersion "1"]
[SourceVersionDate "2013.02.25"]
[SourceQuality "1"]

1. e4 e6 2. d3 d5 3. Nd2 Nf6 4. Ngf3 c5 5. g3 Nc6 6. Bg2 Be7 7. 0-0 0-0 8. Re1 Qc7 9. Nf1 d4 10. a4 e5 11. N1d2 Be6 12. Ng5 a6 13. Nxe6 fxe6 14. Bh3 Qd7 15. Nc4 Bd8 16. a5 Bc7 17. Bd2 Qf7 18. Rf1 Rae8 19. Rb1 Qe7 20. Qe1 Qf7 21. Qd1 Qe7 22. b4 cxb4 23. Qe1 Qf7 24. Bxb4 Nxb4 25. Rxb4 Qh5 26. Bg2 Rb8 27. Qd1 Qf7 28. Qe2 Qe7 29. Rfb1 Qc5 30. Rxb7 Rxb7 31. Rxb7 Bxa5 32. Bh3 Re8 33. Qd1 Nxe4 34. Qg4 Qf8 35. Qxe4 Bb4 36. Nxe5 1-0

[Event "BUL-ch sf (Women) 62nd"]
[Site "Plovdiv"]
[Date "2013.02.15"]
[Round "7"]
[White "Ivanova, Simoneta"]
[Black "Vasileva, Veronika"]
[Result "1/2-1/2"]
[WhiteElo "2004"]
[BlackElo "1768"]
[PlyCount "66"]
[EventDate "2013.02.11"]
[EventType "tourn"]
[EventRounds "9"]
[EventCountry "BUL"]
[SourceTitle "CBM 152 Extra"]
[Source "ChessBase"]
[SourceDate "2013.02.25"]
[SourceVersion "1"]
[SourceVersionDate "2013.02.25"]
[SourceQuality "1"]

1. Nf3 d5 2. c4 d4 3. b4 f6 4. e3 e5 5. c5 a5 6. Bb5+ c6 7. Bc4 Bg4 8. Qb3 Nh6 9. Bb2 axb4 10. exd4 exd4 11. 0-0 Bxc5 12. Re1+ Be7 13. Nxd4 b5 14. Be6 Qd6 15. h3 Bh5 16. a3 Kf8 17. a4 Rxa4 18. Rxa4 bxa4 19. Qxa4 c5 20. Nb5 Qa6 21. Qxa6 Nxa6 22. d4 Be8 23. Na7 Nc7 24. d5 c4 25. Bd4 Nxe6 26. dxe6 Nf5 27. Bb6 c3 28. Nc8 Ba4 29. Nxe7 Nxe7 30. Bc5 c2 31. Bxb4 cxb1Q 32. Rxb1 Ke8 33. Ra1 Bc6 1/2-1/2

[Event "BUL-ch sf (Women) 62nd"]
[Site "Plovdiv"]
[Date "2013.02.12"]
[Round "2"]
[White "Vasileva, Veronika"]
[Black "Sirkova, Darena"]
[Result "0-1"]
[WhiteElo "1768"]
[BlackElo "1970"]
[PlyCount "72"]
[EventDate "2013.02.11"]
[EventType "tourn"]
[EventRounds "9"]
[EventCountry "BUL"]
[SourceTitle "CBM 152 Extra"]
[Source "ChessBase"]
[SourceDate "2013.02.25"]
[SourceVersion "1"]
[SourceVersionDate "2013.02.25"]
[SourceQuality "1"]

1. e4 c5 2. c3 Nf6 3. e5 Nd5 4. Nf3 Nc6 5. Bc4 Nb6 6. Bb3 g6 7. 0-0 Bg7 8. d4 cxd4 9. Ng5 Nxe5 10. cxd4 Nec4 11. Qf3 0-0 12. Qh3 h6 13. Nf3 d6 14. Qh4 e5 15. Qg3 e4 16. Nfd2 Nxd2 17. Bxd2 d5 18. Be3 Be6 19. Nc3 Rc8 20. Ne2 Qd7 21. Qh4 g5 22. Qg3 f5 23. f4 exf3 24. Qxf3 f4 25. Bf2 g4 26. Qd3 Bf5 27. Qd2 f3 28. Ng3 Bg6 29. Rac1 Rxc1 30. Rxc1 fxg2 31. Kxg2 Qf7 32. Rf1 Qf3+ 33. Kg1 Bd3 34. Re1 Nc4 35. Bxc4 dxc4 36. Be3 Re8 0-1

[Event "BUL-ch op (Women)"]
[Site "Vratsa"]
[Date "2012.07.26"]
[Round "5"]
[White "Vasileva, Veronika"]
[Black "Sirkova, Darena"]
[Result "0-1"]
[WhiteElo "1748"]
[BlackElo "1985"]
[PlyCount "58"]
[EventDate "2012.07.23"]
[EventType "swiss"]
[EventRounds "9"]
[EventCountry "BUL"]
[SourceTitle "CBM 149 Extra"]
[Source "ChessBase"]
[SourceDate "2012.08.24"]
[SourceVersion "1"]
[SourceVersionDate "2012.08.24"]
[SourceQuality "1"]

1. d4 Nf6 2. Bg5 Ne4 3. h4 d5 4. Nd2 Nd6 5. e3 h6 6. Bf4 Bf5 7. g4 Bh7 8. Bg2 c6 9. Ngf3 e6 10. c3 Nd7 11. Qe2 Qb6 12. 0-0-0 Qa5 13. a3 Qa4 14. Nb1 Nc4 15. Ne1 Bxb1 16. Kxb1 Qb3 17. Ka1 Nxb2 18. Qxb2 Qxd1+ 19. Ka2 Nb6 20. Nf3 Qa4 21. Ne5 Be7 22. Bf1 Qa5 23. Qb3 Na4 24. Qxb7 Nxc3+ 25. Kb2 Bxa3+ 26. Kc2 0-0 27. Nxf7 Ne4 28. Be5 Qd2+ 29. Kb1 Nc3+ 0-1

[Event "BUL-ch op (Women)"]
[Site "Vratsa"]
[Date "2011.07.25"]
[Round "1"]
[White "Chilingirova, Pavlina"]
[Black "Vasileva, Veronika"]
[Result "1/2-1/2"]
[WhiteElo "2147"]
[BlackElo "1747"]
[PlyCount "109"]
[EventDate "2011.07.25"]
[EventType "swiss"]
[EventRounds "9"]
[EventCountry "BUL"]
[SourceTitle "CBM 143 Extra"]
[Source "ChessBase"]
[SourceDate "2011.08.29"]
[SourceVersion "1"]
[SourceVersionDate "2011.08.29"]
[SourceQuality "1"]

1. c4 Nf6 2. Nc3 d5 3. cxd5 Nxd5 4. g3 Nxc3 5. bxc3 g6 6. Bg2 Bg7 7. Qb3 c6 8. Nf3 0-0 9. Ba3 Qc7 10. Rb1 Rd8 11. 0-0 b6 12. d4 Bb7 13. Rfd1 Na6 14. e4 e6 15. e5 c5 16. Qb5 cxd4 17. cxd4 Qd7 18. Qxd7 Rxd7 19. Rbc1 Bd5 20. Ne1 Bf8 21. Bxf8 Kxf8 22. Bf1 Nc7 23. Rc3 Bxa2 24. Ra1 Bd5 25. Rac1 Ne8 26. Bb5 Rdd8 27. Ba6 Rab8 28. Kf1 b5 29. Ke2 Bc4+ 30. Rxc4 bxc4 31. Ke3 Rb3+ 32. Ke4 c3 33. Bc4 Rb4 34. Rxc3 Nc7 35. Nd3 Rb6 36. Nc5 Nb5 37. Rd3 Ke7 38. Ke3 a6 39. Ne4 Rc6 40. Bxb5 axb5 41. Nd6 Rdxd6 42. exd6+ Kxd6 43. Ra3 Rc7 44. Ra8 Rb7 45. Kd3 Kd5 46. Rd8+ Kc6 47. Kc3 b4+ 48. Kb3 Kb5 49. h4 Kc6 50. f3 Rb5 51. g4 Rd5 52. Rf8 Rd7 53. Kc4 Rb7 54. Kb3 Rd7 55. Kc4 1/2-1/2

[Event "BUL-chB (Women) 60th"]
[Site "Plovdiv"]
[Date "2011.02.13"]
[Round "7"]
[White "Vasileva, Veronika"]
[Black "Vasileva, Cveta"]
[Result "1-0"]
[WhiteElo "1705"]
[BlackElo "1471"]
[PlyCount "63"]
[EventDate "2011.02.07"]
[EventType "swiss"]
[EventRounds "7"]
[EventCountry "BUL"]
[SourceTitle "CBM 140 Extra"]
[Source "ChessBase"]
[SourceDate "2011.03.01"]
[SourceVersion "1"]
[SourceVersionDate "2011.03.01"]
[SourceQuality "1"]

1. d4 Nf6 2. Nf3 e6 3. g3 d5 4. Bg2 c5 5. 0-0 c4 6. c3 Bd7 7. Ne5 Nc6 8. Bg5 Be7 9. Nd2 h6 10. Bxf6 Bxf6 11. Ng4 Be7 12. e4 Qc8 13. Ne3 dxe4 14. Bxe4 b5 15. a4 a6 16. d5 exd5 17. Nxd5 Rb8 18. Re1 Be6 19. axb5 axb5 20. Qf3 Ne5 21. Qe2 Bc5 22. Bf5 f6 23. Bxe6 Qxe6 24. Nc7+ Kf7 25. Nxe6 Kxe6 26. Ra6+ Kf7 27. Nf3 Nd3 28. Qe6+ Kf8 29. Nh4 Bxf2+ 30. Kf1 g5 31. Qxf6+ Kg8 32. Qg6+ 1-0

[Event "BUL-chB (Women) 60th"]
[Site "Plovdiv"]
[Date "2011.02.11"]
[Round "5"]
[White "Ivanova, Simoneta"]
[Black "Vasileva, Veronika"]
[Result "1-0"]
[WhiteElo "1838"]
[BlackElo "1705"]
[PlyCount "73"]
[EventDate "2011.02.07"]
[EventType "swiss"]
[EventRounds "7"]
[EventCountry "BUL"]
[SourceTitle "CBM 140 Extra"]
[Source "ChessBase"]
[SourceDate "2011.03.01"]
[SourceVersion "1"]
[SourceVersionDate "2011.03.01"]
[SourceQuality "1"]

1. d4 f5 2. c4 Nf6 3. Nf3 g6 4. g3 Bg7 5. Bg2 0-0 6. 0-0 d6 7. b3 Qe8 8. Bb2 c6 9. Nbd2 Na6 10. Re1 Ne4 11. a3 Nxd2 12. Qxd2 e5 13. d5 Nc5 14. Qc2 cxd5 15. cxd5 Bd7 16. Nd2 Rc8 17. Nc4 Qe7 18. Qd1 b5 19. Na5 f4 20. e4 Qd8 21. b4 Na4 22. Qb3 Qb6 23. Rf1 Kh8 24. Rac1 f3 25. Bh1 Bh3 26. Rxc8 Bxc8 27. Rc1 Bd7 28. Nc6 Bh6 29. Rc2 Rc8 30. Ne7 Re8 31. Nc6 Rc8 32. Na5 Nc5 33. bxc5 Qxa5 34. Bc3 Qc7 35. cxd6 Qxd6 36. Bxf3 Bf8 37. Bb4 1-0

[Event "BUL-chB (Women) 60th"]
[Site "Plovdiv"]
[Date "2011.02.07"]
[Round "1"]
[White "Zlatanova, Emilia"]
[Black "Vasileva, Veronika"]
[Result "1-0"]
[WhiteElo "2049"]
[BlackElo "1705"]
[PlyCount "41"]
[EventDate "2011.02.07"]
[EventType "swiss"]
[EventRounds "7"]
[EventCountry "BUL"]
[SourceTitle "CBM 140 Extra"]
[Source "ChessBase"]
[SourceDate "2011.03.01"]
[SourceVersion "1"]
[SourceVersionDate "2011.03.01"]
[SourceQuality "1"]

1. e4 e6 2. d4 d5 3. e5 c5 4. c3 Nc6 5. Nf3 Qb6 6. Bd3 f6 7. 0-0 fxe5 8. dxe5 g6 9. c4 d4 10. Nbd2 Bg7 11. Ne4 Nxe5 12. Re1 Nxd3 13. Qxd3 Nf6 14. Nxf6+ Bxf6 15. Bh6 Qxb2 16. Rab1 Qc3 17. Qe4 Qxc4 18. Qf4 Ke7 19. Qc7+ Ke8 20. Ne5 Be7 21. Nxc4 1-0

[Event "BUL-ch sf (Women)"]
[Site "Plovdiv"]
[Date "2010.01.30"]
[Round "7"]
[White "Yordanova, Svetla"]
[Black "Vasileva, Veronika"]
[Result "1-0"]
[WhiteElo "2138"]
[BlackElo "1612"]
[PlyCount "59"]
[EventDate "2010.01.24"]
[EventType "swiss"]
[EventRounds "7"]
[EventCountry "BUL"]
[SourceTitle "CBM 134 Extra"]
[Source "ChessBase"]
[SourceDate "2010.03.03"]
[SourceVersion "1"]
[SourceVersionDate "2010.03.03"]
[SourceQuality "1"]

1. d4 Nf6 2. c4 g6 3. f3 d5 4. cxd5 Nxd5 5. e4 Nb6 6. Nc3 Bg7 7. Be3 0-0 8. Qd2 Nc6 9. 0-0-0 Na5 10. b3 Nd7 11. h4 h5 12. Nh3 b6 13. Kb1 Nb7 14. Be2 c5 15. d5 Ne5 16. Nf2 f6 17. g4 Kf7 18. gxh5 gxh5 19. Rhg1 Rh8 20. Rg2 Nd6 21. Rdg1 Ne8 22. Nd3 f5 23. Rxg7+ Nxg7 24. Nxe5+ Kg8 25. Bc4 Qd6 26. Bf4 Qf6 27. d6+ Be6 28. Rg6 Qf8 29. Bxe6+ Kh7 30. Rh6# 1-0

[Event "Plovdiv Tringov Memorial"]
[Site "Plovdiv"]
[Date "2009.02.01"]
[Round "1"]
[White "Vasileva, Veronika"]
[Black "Lilov, Valeri"]
[Result "0-1"]
[WhiteElo "1570"]
[BlackElo "2443"]
[PlyCount "34"]
[EventDate "2009.02.01"]
[EventType "swiss"]
[EventRounds "9"]
[EventCountry "BUL"]
[SourceTitle "CBM 128 Extra"]
[Source "ChessBase"]
[SourceDate "2009.03.05"]
[SourceVersion "2"]
[SourceVersionDate "2009.03.25"]
[SourceQuality "1"]

1. d4 f5 2. Nf3 Nf6 3. c4 g6 4. Nc3 Bg7 5. e3 0-0 6. Bd3 d6 7. 0-0 Re8 8. e4 e5 9. d5 a5 10. Qc2 Na6 11. exf5 Nb4 12. Qe2 Nxd3 13. Qxd3 e4 14. Nxe4 Nxe4 15. fxg6 hxg6 16. Re1 Bf5 17. Qd1 Qf6 0-1

[Event "BUL-ch sf (Women) 57th"]
[Site "Plovdiv"]
[Date "2008.02.13"]
[Round "1"]
[White "Stefanova, Milena"]
[Black "Vasileva, Veronika"]
[Result "1-0"]
[WhiteElo "2140"]
[BlackElo "1724"]
[PlyCount "81"]
[EventDate "2008.02.13"]
[EventType "swiss"]
[EventRounds "7"]
[EventCountry "BUL"]
[SourceTitle "EXT 2010"]
[Source "ChessBase"]
[SourceDate "2010.11.25"]
[SourceVersion "1"]
[SourceVersionDate "2010.11.25"]
[SourceQuality "1"]

1. e4 e5 2. Nf3 Nc6 3. d4 exd4 4. Nxd4 Bc5 5. Be3 Bb6 6. Be2 d6 7. 0-0 Nf6 8. Nc3 0-0 9. Kh1 Re8 10. f3 Ne5 11. Bg5 Be6 12. f4 Bxd4 13. Qxd4 Nc6 14. Bxf6 Qxf6 15. Qxf6 gxf6 16. f5 Bd7 17. Nd5 Red8 18. Nxc7 Rac8 19. Nd5 Kg7 20. Rf3 Nd4 21. Rg3+ Kf8 22. Nxf6 Ke7 23. Nd5+ Kf8 24. Bd3 Nxc2 25. Rf1 Nd4 26. Nf6 Ke7 27. Nxh7 Rh8 28. f6+ Ke8 29. h3 Ne6 30. e5 Bc6 31. exd6 Rd8 32. Bf5 Rxd6 33. Re3 Bd7 34. Ng5 Kf8 35. Bxe6 Bxe6 36. Nxe6+ fxe6 37. Rf2 Kf7 38. Rg3 Rh7 39. Rc3 Kg6 40. f7 Rxf7 41. Rg3+ 1-0

[Event "Sofia op 1st"]
[Site "Sofia"]
[Date "2006.05.11"]
[Round "1"]
[White "Nikolov, Sasho"]
[Black "Vasileva, Veronika"]
[Result "1-0"]
[WhiteElo "2354"]
[BlackElo "1578"]
[PlyCount "33"]
[EventDate "2006.05.11"]
[EventType "swiss"]
[EventRounds "9"]
[EventCountry "BUL"]
[SourceTitle "CBM 112 Extra"]
[Source "ChessBase"]
[SourceDate "2006.07.14"]
[SourceVersion "1"]
[SourceVersionDate "2006.07.14"]
[SourceQuality "1"]

1. e4 e5 2. Nf3 Nc6 3. Bb5 Bc5 4. c3 f5 5. d4 exd4 6. Bxc6 bxc6 7. Ne5 Be7 8. Qh5+ g6 9. Nxg6 Nf6 10. Qh4 Rg8 11. Ne5 Rxg2 12. Bg5 Rxg5 13. Qxg5 Bb7 14. Qg7 Qc8 15. Rg1 d6 16. Qf7+ Kd8 17. Rg8+ 1-0

[Event "BUL-ch (Women) qual"]
[Site "Pleven"]
[Date "2006.01.31"]
[Round "5"]
[White "Vasileva, Veronika"]
[Black "Dilova, Monika"]
[Result "0-1"]
[WhiteElo "1822"]
[BlackElo "1904"]
[PlyCount "66"]
[EventDate "2006.01.28"]
[EventType "swiss"]
[EventRounds "9"]
[EventCountry "BUL"]
[SourceTitle "CBM 110 Extra"]
[Source "ChessBase"]
[SourceDate "2006.03.10"]
[SourceVersion "2"]
[SourceVersionDate "2006.03.10"]
[SourceQuality "1"]

1. d4 Nf6 2. g3 g6 3. Bg2 Bg7 4. Nf3 d6 5. 0-0 0-0 6. c4 Nc6 7. Nc3 Nd7 8. e4 e5 9. d5 Ne7 10. b4 f5 11. Ne1 f4 12. Nd3 fxg3 13. hxg3 b6 14. Be3 Ba6 15. Qb3 Kh8 16. Na4 Ng8 17. c5 Bh6 18. Bxh6 Nxh6 19. cxd6 cxd6 20. b5 Bc8 21. Rfc1 Nc5 22. Qc2 Ng4 23. Naxc5 bxc5 24. Bh3 Qg5 25. Qe2 Bd7 26. a4 Rf7 27. Rc2 Raf8 28. Rf1 Qh5 29. Kg2 Ne3+ 30. Qxe3 Qxh3+ 31. Kg1 Rf3 32. Qd2 Rxg3+ 33. fxg3 Rxf1# 0-1

[Event "BUL-ch (Women) qual"]
[Site "Pleven"]
[Date "2006.01.30"]
[Round "4"]
[White "Vasileva, Veronika"]
[Black "Nedelcheva, Vania"]
[Result "1/2-1/2"]
[WhiteElo "1822"]
[BlackElo "1739"]
[PlyCount "58"]
[EventDate "2006.01.28"]
[EventType "swiss"]
[EventRounds "9"]
[EventCountry "BUL"]
[SourceTitle "CBM 110 Extra"]
[Source "ChessBase"]
[SourceDate "2006.03.10"]
[SourceVersion "2"]
[SourceVersionDate "2006.03.10"]
[SourceQuality "1"]

1. d4 d5 2. Nf3 e6 3. c4 c6 4. Nc3 Nf6 5. Bg5 Be7 6. e3 Nbd7 7. Qc2 b6 8. cxd5 cxd5 9. Bd3 Bb7 10. 0-0 0-0 11. Bxf6 Nxf6 12. Ne5 Rc8 13. Qb3 Nd7 14. Nxd7 Qxd7 15. Rfc1 g6 16. a4 Bc6 17. a5 Rb8 18. axb6 Rxb6 19. Qa2 Ra8 20. Ne2 Qb7 21. Rc2 Bd6 22. g3 a5 23. Qb1 Kg7 24. Ra2 e5 25. Qe1 e4 26. Bxe4 dxe4 27. Qa1 Bd5 28. Rxa5 Rxa5 29. Qxa5 Bb3 1/2-1/2